| 000 | 00437nam a2200193Ia 4500 | ||
|---|---|---|---|
| 005 | 20240823033141.0 | ||
| 008 | 240823s9999||||xx |||||||||||||| ||und|| | ||
| 020 | _a978-81-7409-279-3 | ||
| 041 | _aENGLISH | ||
| 082 | _A621.317q2 | ||
| 100 | _aDr.P.S.Bimbhra | ||
| 245 | 0 | _aPower Electronics | |
| 250 | _a5th | ||
| 260 |
_c2012 _bK |
||
| 500 | _aYES | ||
| 650 |
_aPower Electronics _bElectrical |
||
| 942 | _cBK | ||
| 999 |
_c195135 _d195135 |
||